00736nam a22002537a 450000500170000000800410001702000180005804000180007608200250009410000210011924500550014025000120019526000340020730000270024165000270026865000230029565000280031870000220034670000200036870000240038870000230041270000230043570000240045820240404110316.0240404b ||||| |||| 00| 0 eng d a9789355736116 cAIMIT LIBRARY 23a658.4038011bCAMJ aCamm, Jeffrey D. aBusiness analytics /cBy Jeffrey D Camm...[et.al.] a3rd Ed. aNew Delhi :bCengage ,c2023. axxv,786p. ;bPBc28 cm aDescriptive statistics aData visualization aDescriptive data mining aCochran, James J. aFry, Michael J. aOhlmann, Jeffrey W. aAnderson, David R. aSweeney, Dennis J. aWilliams, Thomas A.